|
|
|
|
| LEADER |
00000nam a22000007a 4500 |
| 005 |
20160524114128.0 |
| 007 |
cr|||| ||u| |
| 008 |
160524s2016 mx ||||| |||| 00||0 spa d |
| 020 |
|
|
|a 978-368-726-951-9
|
| 035 |
|
|
|a 14250
|
| 040 |
|
|
|a vLex
|
| 090 |
|
|
|c 6138
|d 6138
|
| 100 |
1 |
|
|a Sǹchez Miranda, Arnulfo
|
| 245 |
1 |
0 |
|a Aplicacin̤ Prc̀tica del ISR Personas Fs̕icas 2016
|h [Recurso electrn̤ico] /
|c Arnulfo Sǹchez Miranda
|
| 256 |
|
|
|a Servicio en ln̕ea
|
| 260 |
|
|
|a Mx̌ico
|b Ediciones Fiscales ISEF
|c 2016
|
| 300 |
|
|
|a 1 recurso electrn̤ico
|
| 500 |
|
|
|a Esta obra se desarrolla de manera sencilla, los temas esenciales que todo estudiante de Contadura̕, Administracin̤ y derecho debe saber acerca de la LISR sobre personas fs̕icas, temas que corresponden con el contenido de los diferentes temarios de las escuelas, facultades e instituciones que imparten asignaturas relacionadas con el r̀ea fiscal.
|
| 506 |
1 |
|
|a Contenido solo disponible en los productos indicados
|d vLex Global
|d vLex Global (Academic Edition, excluding Law Schools)
|d vLex Global (U.S. Academic Edition, Law Schools)
|d vLex Global (U.S. Academic Edition, excluding Law Schools)
|d vLex Global (Academic Edition, Law Schools)
|
| 650 |
0 |
4 |
|a Derecho
|z Mx̌ico
|
| 740 |
0 |
|
|a vLex libros (servicio en ln̕ea)
|
| 856 |
4 |
0 |
|u http://vlex.com/source/aplicacion-practica-del-isr-personas-fisicas-2016-14250
|z Acceso restringido
|
| 942 |
|
|
|c BOOK
|
| 999 |
0 |
|
|a Law
|b Mexic
|